01444nam a2200241 a 4500001001000000003001000010005001700020007000300037008004100040020001800081040003000099041001300129100005200142245006300194250001200257260003900269300002900308500004300337520071200380650003401092655002401126700005201150001598131AR-RoUNCS20260513112318.0ta060313s2000 ag a |r 00| f spa d a9789500285094 aAR-RoUNCSbspacAR-RoUNCS1 aspahpor1 aVasconcelos, José Mauro de,d1920-1984eautor10aMi planta de naranja-lima / cJosé Mauro de Vasconcelos. a35a ed. aBuenos Aires : bEl Ateneo,c2000. a182 p. : bil. ;c20 cm. aTraducido por Haydee M. Jofre Barroso. aZezé tiene una imaginación gigantesca y sueña con ser sabio y poeta y usar corbata de moño cuando sea adulto. Pero ahora, que es un niño, su padre se quedó sin empleo, su madre trabaja todo el día y sus hermanos mayores le pegan cada vez que hace una travesura. Cuando se siente triste, Zezé cuenta con un amigo muy especial, una planta de naranja lima que le habla con las hojas, las ramas, las raíces, y lo consuela haciéndole escuchar cómo palpita su corazón bajo el tronco. Una novela clásica, emocionante, que combina la crudeza de una situación de profunda miseria e incomprensión con la ingenuidad y la ternura de la infancia, que observa el mundo con una mirada limpia. 72embneaLiteratura brasileña 7aNovela corta2embne1 aJofre Barroso, Haydée,d1916-2006etraductora